|
|
|
|
| LEADER |
00924ncm a22002292a 4500 |
| 001 |
001347740 |
| 003 |
CZ BrMZK |
| 005 |
20140312140957.0 |
| 007 |
qu |
| 008 |
131122s1900 gw |||||||||||||||||ger d |
| 040 |
|
|
|a BOA001
|b cze
|
| 072 |
|
7 |
|a 784
|x Vokální hudba
|2 Konspekt
|9 9
|
| 100 |
1 |
|
|a Hartmann, Georg,
|d 1862-1936
|7 mzk2014804491
|4 cmp
|
| 245 |
1 |
0 |
|a Zwei Lieder.
|n [2],
|p Das Kraut der Vergessenheit, Op. 12
|h [hudebnina] :
|b für eine Singstimme und Pianoforte /
|c componirt von Georg Hartmann ; (Emanuel Geibel)
|
| 246 |
3 |
0 |
|a Kraut der Vergessenheit
|
| 260 |
|
|
|a Dresden :
|b Adolf Brauer (F. Plötner), Königl. Säches. Hof- Musikalienhändler,
|c [1900?]
|
| 300 |
|
|
|a 1 partitura (5 s.)
|
| 700 |
1 |
|
|a Geibel, Emanuel,
|d 1815-1884
|7 mzk2010578421
|4 lyr
|
| 910 |
|
|
|a BOA001
|b Mus4-0169.219,2
|
| 990 |
|
|
|a MU
|
| 991 |
|
|
|b 201311
|
| 996 |
6 |
|
|b 2619630848
|c Mus4-0169.219,2
|l MZK
|r Sklad / do 1 hodiny
|n 0
|w 001382649
|u 000010
|a 1
|e BOA001
|j MZK50
|s P
|